Регионална библиотека "Любен Каравелов" - Русе

Да се учим да пишем есе (Запис номер 81479)

MARC детайли
000 -Лидер
Контролно поле с фиксирана дължина 01609nam a2200409 c 4500
003 - Код на организацията, давaща контролен номер
Контролно поле BLK
005 - Дата и час на последна редакция
Контролно поле 20250527105631.0
008 - Елементи от данни с фиксирана дължина
fixed length control field 180408b bul|||||r ||||||| ||bul||
010 ## - Наследен системен номер
LC control number KNG00085983000
020 ## - Международен стандартен номер на книга ISBN
Международен стандартен номер на книга ISBN 978-954-426-213-6
-- издат.: Анубис
040 ## - Източник на каталожния запис
Идентификатор на билиотеката - собственик на записа BLK
041 ## - Код за език
Код за езика на текст/звукозапис или на отделно заглавие Български
Код за езика КДБФ Български
080 ## - УДК
Текстов определител УДК Литература
УДК код - определител по УДК 82
УДК определител -4.01(07)
УДК - код + определител 82-4.01(07)
080 ## - УДК
Текстов определител УДК Българска литература
УДК код - определител по УДК 821.163.2
УДК определител -4.09(07)
УДК - код + определител 821.163.2-4.09(07)
080 ## - УДК
Текстов определител УДК Българска литература
УДК код - определител по УДК 821.163.2
УДК определител -4(082)(07)
УДК - код + определител 821.163.2-4(082)(07)
100 1# - Редна дума - Автор
Автор Матеева, Невена Димитрова
Авторска отговорност първи автор
R(LIN) 371194
139 ## - Редно поле
Редна дума Матеева, Невена Димитрова
Авторски знак Мате - М 39
245 10 - Сведения за заглавието
Заглавие Да се учим да пишем есе
Редно поле (дума) Невена Димитрова Матеева.
250 ## - Област на изданието
Сведения за изданието 2. изд.
257 ## - Страна на издаване
Страна на създаване/издаване България
260 ## - Област на издателските данни
-- София
Име на издателя, разпространителя и проч. Анубис
Година на издаване 2008
Печатница София : Вулкан
300 ## - Физическа характеристика
Страници 104 с.
Размери/Мащаб 21 см
380 ## - Жанр
Жанр Литературознание
500 ## - Общи забележки
Забележка 1. изд. 1999. - Офс. изд. - Съдържа и Цитираната литература. - Доп. тир. 2009
590 ## - Забележки на библиотеката, притежаваща документа (RLIN)
Служебно ф
650 #4 - Допълнително описание по предмет – тема
Основно описание – тема или топоним Есе - методика на писане
9 (RLIN) 269182
650 #4 - Допълнително описание по предмет – тема
Основно описание – тема или топоним Есе - учебни помагала
9 (RLIN) 292599
653 ## - Ключова дума – ненормативна
Ключова дума есета
653 ## - Ключова дума – ненормативна
Ключова дума методики
653 ## - Ключова дума – ненормативна
Ключова дума учебни помагала
852 ## - Местоположение
Форматна сигнатура Цб 241590
856 4# - Електронен адрес и достъп
Електронен формат pdf - файл
Път до файла /url/
856 4# - Електронен адрес и достъп
Електронен формат pdf - файл
Път до файла /url/
942 ## - АРТИКУЛИ
Вид на библиотечния материал Книги
Скрит в OPAC Не
Koha issues (borrowed), all copies 1
944 ## - СЪЗДАВАНЕ И РЕДАКЦИЯ на ЗАПИСА
Създаване/Редакция Създаване
Дата на регистрацията/редакция 22.10.2008
Статус, дата на статуса Цветомила Тодорова
Служител, извършил регистрацията/редакцията 30576
944 ## - СЪЗДАВАНЕ И РЕДАКЦИЯ на ЗАПИСА
Създаване/Редакция Редакция
Дата на регистрацията/редакция 21.12.2011
Статус, дата на статуса ф /
Служител, извършил регистрацията/редакцията
999 ## - СИСТЕМНИ КОНТРОЛНИ НОМЕРА
Koha biblionumber 81479
Koha biblioitemnumber 81479
Наличности
Код за отписване Код за изгубен артикул Източник на класификационната схема Код за повреда Коз за рестрикции Код за отдаване Артикулен № Име на библиотеката - собственик Име на библиотеката, в която се намира в момента Статус (Текущо местоположение) Дата на вписване в системата Местоположение - отдел Цена в лева Инвентарен номер Систематично азбучна сигнатура Баркод Номер на екземпляра Цена в евро Служебна бележка Служебен тип на артикула
  Не е изгубен Universal Decimal Classification Не е повреден без рестрикции заемане за дома 132231 Регионална библиотека "Любен Каравелов" Русе Регионална библиотека "Любен Каравелов" Русе Заемна - подръчен фонд 2008-10-15 Заемна - подръчен фонд 4.00 120000730500 82.01/.09/М 39 120000730500 1 2.05 Дост: Pk Вид: Ф N: 8703 Дата: 14.10.2008 Дата инв: 08.02.2018 Бележки инв: П2018 Книги
  Не е изгубен Universal Decimal Classification Не е повреден без рестрикции заемане за дома 132232 Регионална библиотека "Любен Каравелов" Русе Регионална библиотека "Любен Каравелов" Русе Детски отдел 2008-10-15 Детски отдел 4.00 120000730501 ДН 821.09/М 39 120000730501 2 2.05 Дост: Pk Вид: Ф N: 8703 Дата: 14.10.2008 Дата инв: 24.08.2015 Бележки инв: Д2015 Книги
Изтеглен Не е изгубен   Не е повреден без рестрикции заемане за дома 132233 Регионална библиотека "Любен Каравелов" Русе Регионална библиотека "Любен Каравелов" Русе Детски отдел 2008-10-15 Детски отдел 4.00 120000730502 ДН 82/М 39 120000730502 3 2.05 Дост: Pk Вид: Ф N: 8703 Дата: 14.10.2008 Дата инв: 24.08.2015 Бележки инв: Д2015 Книги
  Не е изгубен   Не е повреден без рестрикции ползва се в читалня 132234 Регионална библиотека "Любен Каравелов" Русе Регионална библиотека "Любен Каравелов" Русе Хранилище 2011-12-14 Основен фонд - ползва се само за читалня 4.00 120000755099 Цб 241590 120000755099 4 2.05 Дост: DA Вид: А N: 24 Дата: 14.12.2011 Книги
Vip Innovations Ltd, Rousse, Bulgaria 2025